[Event "John Bishop Minor op"]
[Site "Cardiff"]
[Date "2009.04.13"]
[Round "6"]
[White "Anantharaj, Daniel"]
[Black "Bullen, Alex"]
[Result "0-1"]
[WhiteElo "1254"]
[BlackElo "1540"]
[PlyCount "50"]
[EventDate "2009.04.10"]
[EventType "swiss"]
[EventRounds "7"]
[EventCountry "WLS"]
[SourceTitle "EXT 2011"]
[Source "ChessBase"]
[SourceDate "2010.11.26"]
[SourceVersion "1"]
[SourceVersionDate "2010.11.26"]
[SourceQuality "1"]

1. e4 c6 2. d4 d5 3. Nc3 dxe4 4. Nxe4 Nf6 5. Nxf6+ exf6 6. Qe2+ Be7 7. Be3 0-0 8. 0-0-0 Be6 9. Kb1 Qa5 10. b3 Na6 11. Bd2 Nb4 12. Bxb4 Bxb4 13. a4 b5 14. Nf3 bxa4 15. Qa6 axb3 16. Qxa5 bxc2+ 17. Kxc2 Bxa5 18. Ra1 Bb4 19. Be2 Rfe8 20. Bd3 a5 21. Ra4 Bd7 22. Ra2 c5 23. Rha1 cxd4 24. Nxd4 Rac8+ 25. Kb1 Re1+ 0-1

[Event "John Bishop Minor op"]
[Site "Cardiff"]
[Date "2009.04.12"]
[Round "4"]
[White "Anantharaj, Daniel"]
[Black "Zhou, Jerry"]
[Result "1-0"]
[WhiteElo "1254"]
[BlackElo "1072"]
[PlyCount "127"]
[EventDate "2009.04.10"]
[EventType "swiss"]
[EventRounds "7"]
[EventCountry "WLS"]
[SourceTitle "EXT 2011"]
[Source "ChessBase"]
[SourceDate "2010.11.26"]
[SourceVersion "1"]
[SourceVersionDate "2010.11.26"]
[SourceQuality "1"]

1. e4 e5 2. f4 d6 3. Bc4 Nc6 4. Nc3 Bd7 5. Nf3 Nf6 6. Ng5 d5 7. Nxd5 Be6 8. Nxe6 fxe6 9. Nc3 Bc5 10. Bxe6 Qd4 11. Rf1 Rd8 12. d3 Bb4 13. Bd2 Bxc3 14. Bxc3 Qd6 15. f5 Nd4 16. Bb3 Nxb3 17. axb3 Qc5 18. b4 Qb6 19. Qe2 0-0 20. 0-0-0 Qb5 21. b3 Rd6 22. Kb2 c5 23. Bxe5 Rc6 24. c4 Qxb4 25. Bc3 Qb6 26. Ra1 a6 27. Ba5 Qa7 28. Qe3 Qb8 29. Qf4 Qe8 30. h3 Qd7 31. Rfd1 b6 32. Bc3 a5 33. g4 Qa7 34. e5 Nd7 35. Qe4 Rcc8 36. Qd5+ Kh8 37. h4 Rce8 38. h5 Qc7 39. Re1 Re7 40. h6 Qb8 41. hxg7+ Rxg7 42. e6 Nf6 43. Bxf6 Rxf6 44. e7 Qe8 45. Qa8 Rg8 46. Qxe8 Rxe8 47. Re4 Rf7 48. Rae1 Kg7 49. Re6 Rf6 50. R1e5 Rxe6 51. Rxe6 Kf7 52. g5 Rxe7 53. Rxe7+ Kxe7 54. Kc2 Kf7 55. Kd2 Kg7 56. Ke3 h6 57. gxh6+ Kxh6 58. Ke4 Kg7 59. Ke5 Kf7 60. f6 Ke8 61. Ke6 Kf8 62. f7 Kg7 63. Ke7 Kg6 64. f8Q 1-0